| 000 | 00960cab a2200229 4500 | ||
|---|---|---|---|
| 001 | ABS46178 | ||
| 008 | 090401t1992 xxu||||| |||| 00| 0 eng d | ||
| 035 | _a(Sirsi) u57071 | ||
| 041 | _aeng | ||
| 100 | _aThomas, H. | ||
| 245 | _aUnderstanding London Docklands | ||
| 260 | _c1992 | ||
| 350 | _a0 | ||
| 490 |
_aThe Planner _v78(6) 20 March 1992, 6-8(3) |
||
| 520 | _aDiscusses four recent publications; Docklands Consultative Committee, "The Docklands experience", S. Brownill, "Developing London`s Docklands: another planning disaster"; S. Williams, "Docklands" and Forum/Birkbeck College, "Employment in Docklands" which attempt to evaluate how successful London Docklands have been and the role played by the London Docklands Development Corporation (LDDC). | ||
| 650 | _aLONDON DOCKLANDS DEVELOPMENT CORPORATION | ||
| 650 | _aLONDON DOCKLANDS | ||
| 650 | _aURBAN REGENERATION | ||
| 690 | _aURBAN RENEWAL | ||
| 942 | _n0 | ||
| 948 | _c04/03/1997 | ||
| 999 |
_c34791 _d34791 |
||